[Event "Wachtebeke-B"]
[Site "Wachtebeke"]
[Date "2024.02.12"]
[Round "3"]
[White "Vandenhole, Kobe"]
[Black "Kurt, Sascha"]
[Result "0-1"]
[WhiteElo "2081"]
[BlackElo "2002"]
[PlyCount "142"]
[EventDate "2024.02.12"]
[EventType "tourn"]
[EventRounds "9"]
[EventCountry "BEL"]
[SourceTitle "CB08_2024"]
[SourceDate "2024.02.21"]
[SourceVersion "1"]
[SourceVersionDate "2024.02.21"]
[SourceQuality "1"]

1. d4 d5 2. c4 e6 3. Nc3 Nf6 4. cxd5 Nxd5 5. e4 Nxc3 6. bxc3 c5 7. Nf3 cxd4 8. cxd4 Bb4+ 9. Bd2 Bxd2+ 10. Qxd2 0-0 11. Bd3 Nc6 12. e5 Ne7 13. Be4 Nd5 14. 0-0 h6 15. a4 b6 16. a5 Bb7 17. Rfc1 Qd7 18. h3 Ne7 19. Qf4 Bxe4 20. Qxe4 Rac8 21. axb6 Rxc1+ 22. Rxc1 axb6 23. Kh2 Rc8 24. Rb1 Nd5 25. Qd3 Qa4 26. Qb3 Qxb3 27. Rxb3 Rb8 28. Ne1 Ra8 29. Kg3 Ra4 30. Nc2 Rc4 31. Rb2 Rc3+ 32. f3 Rd3 33. Nb4 Rxd4 34. Nxd5 Rxd5 35. Rxb6 Rxe5 36. Rb7 Rf5 37. Kf2 g5 38. Kg3 Rf4 39. Kf2 Kg7 40. Ra7 Kg6 41. Rb7 Ra4 42. Rb2 h5 43. Re2 h4 44. Rb2 f6 45. Re2 Kf5 46. Rb2 Kf4 47. Rb6 Ra2+ 48. Kf1 Kg3 49. Rxe6 Rxg2 50. Rxf6 Rf2+ 51. Kg1 Rxf3 52. Rg6 Rf5 53. Rc6 Kxh3 54. Rc3+ Kg4 55. Kg2 Rf4 56. Ra3 h3+ 57. Kh2 Rf2+ 58. Kg1 Rf3 59. Ra2 Kh4 60. Kh2 g4 61. Ra4 Rf2+ 62. Kg1 Rb2 63. Kh1 Re2 64. Rb4 Kg3 65. Rb3+ Kf2 66. Kh2 Re3 67. Rb2+ Kf3 68. Rb8 Re2+ 69. Kh1 Re1+ 70. Kh2 g3+ 71. Kxh3 Rh1# 0-1